000 00617nam a2200181 a 4500
001 000048225
005 20201002061014.0
008 181207s2015 dr a r 000 0 spa d
020 _a9789945902280
040 _aDO-SdBNP
_bspa
_cBNPHU
082 _axxxx
_bE96g
245 0 0 _aExperiencias ganadoras del concurso de buenas prácticas en educación inicial /
_crevisión Margarita Heinsen.
260 _aSanto Domingo :
_bOEI,
_c2015.
300 _a56 p. :
_bil., ;
_c23 cm.
590 _aInventariado, 2019/BT
700 1 _aHeinsen, Margarita,
_erev.
_961619
710 1 2 _aOrganización de Estados Ibero-americanos
_975664
999 _c47713
_d47713